000 00637cam a2200181 a 4500
001 000006965
005 20200929154031.0
008 760827s1975 uy 000 0bspa d
040 _aDO-SdBNP
_bspa
_cBNPHU
050 0 0 _aN6729.F53
_bA63
082 _axx
_bA534p
100 1 _aAnastasia, Luis V.
_919354
245 1 0 _aPedro Figari, americano integral /
_cLuis V. Anastasia.
260 _aMontevideo :
_bComisión Nacional de Homenaje del Sesquicentenario de los Hechos Históricos de 1825 ;
_bMontevideo,
_c1975.
300 _a241 p. ;
_c25 cm.
600 1 0 _aFigari, Pedro,
_d1861-1938.
_916327
650 0 _aArtists
_zUruguay
_xBiography.
_919355
999 _c6749
_d6749